| 000 | 00473nam a22001577a 4500 | ||
|---|---|---|---|
| 003 | Ost | ||
| 005 | 20250424114908.0 | ||
| 008 | 250424b |||||||| |||| 00| 0 eng d | ||
| 040 |
_aBSULIB _beng _cBSU _dBSU |
||
| 082 |
_a349.6761 _bUGA |
||
| 245 | _aCumulative Supplement to the Laws of Uganda : as at 31st December 2004 / Uganda Law Reform Commission. | ||
| 260 |
_aKampala _bUganda Law Commission _c2004 |
||
| 300 |
_axiii,122p. _c30cm. |
||
| 648 | _2Law | ||
| 942 |
_2ddc _cBK |
||
| 999 |
_c12950 _d12950 |
||